Datum a čas kvízu
15.5
Celkem bodů
Celkový počet nahraných bodů na tomto kvízu bez doplňovacích otázek.
6.
Pořadí na kvízu
Konečné umístění týmu na tomto kvízu.
Zaznamenané odpovědi
| # | Otázka | Odpověď | Body | Výsledky |
|---|---|---|---|---|
| 1. | Bývalá první dáma oslavila v ú... | Ivana Zemanová, 60 | 0.5 | |
| 2. | V pondělí byl v Paříži zahájen... | Kim Kardashian | 0 | |
| 3. | Minulý týden získal jistý 62le... | Tom Cruise | 0 | |
| 4. | Který evropský poloostrov post... | Pyrenejský (Iberský) | 1 | |
| 5. | Minulý týden plnil stránky spo... | Andrej Kollár | 0 | |
| 6. | Podíváme se na několik známých... | Džoser | 0 | |
| 7. | V Egyptě ještě chvíli zůstanem... | Hatšepsut (Hatšepsovet) | 0 | |
| 8. | Jak se nazývá tento pantheon –... | Slavín | 0 | |
| 9. | Ve které evropské metropoli se... | v Paříži | 0 | |
| 10. | V poslední otázce tématu se po... | Kolja | 0 |